Inovácia ubytovacieho zariadenia hotel diplomová práca

Salvato in:
Dettagli Bibliografici
Autore principale: Novotňák, Pavol
Ente Autore: Obchodná fakulta EU. Katedra služieb a cestovného ruchu - zrušené
Altri autori: Staňo, Roman
Natura: Libro
Lingua:slovacco
Pubblicazione: Bratislava 2014
Tags: Aggiungi Tag
Nessun Tag, puoi essere il primo ad aggiungerne!!

MARC

LEADER 00000nbm a2200000 4500
001 0186031
005 20170201094457.8
041 0 |a slo 
044 |a SK 
245 1 0 |a Inovácia ubytovacieho zariadenia hotel  |b diplomová práca  |c Pavol Novotňák ; školiteľ: Roman Staňo 
264 1 |a Bratislava  |c 2014 
300 |a 59 s. 
100 1 |a Novotňák, Pavol 
700 1 |a Staňo, Roman 
710 2 |a Obchodná fakulta EU. Katedra služieb a cestovného ruchu - zrušené